| 000 | 00651cam a22002291 4500 | ||
|---|---|---|---|
| 001 | 29948 | ||
| 003 | BD-RjUL | ||
| 005 | 20211209051503.0 | ||
| 008 | 140408r19641963nju 000 0 eng | ||
| 035 | _a(BD-RjUL)30033 | ||
| 035 | _a(OCoLC)769561 | ||
| 040 |
_aDLC _cMeB _dOCoLC _dDLC _dBD-RjUL _beng |
||
| 041 | _aeng | ||
| 082 |
_a160.82 _bESS 1967 |
||
| 245 | 1 | 0 |
_aEssays in from Philosopy / _cSelected and Edited by Ronald jager |
| 260 |
_aEnglewood Cliffs, N.J. : _bPrentice-Hall, _cc1966[Printing 1967]. |
||
| 300 |
_a320 p : _c22 cm. |
||
| 650 | 0 |
_aLogic. _991124 |
|
| 700 |
_aJager, Ronald, ed. _991125 |
||
| 942 |
_2ddc _cBK |
||
| 999 |
_c29948 _d29948 |
||